000 00494nam a2200169Ia 4500
008 090201s9999 xx 000 0 und d
010 _aKPL-55827
040 _bमराठी
041 _aमराठी
082 _a50434
_b55827
100 _aप्रकाश अकोलकर
245 _aझोत
_cप्रकाश अकोलकर
260 _c2006
_bअनुभव प्रकाशन
300 _a189
_bमध्यम
600 _aझोत
942 _cBOOK
999 _c246972
_d246972